[Event "Belgrade-chT2 Quality"]
[Site "Belgrade"]
[Date "2022.11.13"]
[Round "11.5"]
[White "Havran, Misa"]
[Black "Rodic, Filip"]
[Result "0-1"]
[WhiteElo "2002"]
[BlackElo "1732"]
[PlyCount "82"]
[EventDate "2022.10.15"]
[EventType "team-tourn"]
[EventRounds "13"]
[EventCountry "SRB"]
[SourceTitle "EXT 2024"]
[Source "ChessBase"]
[SourceDate "2023.10.10"]
[SourceVersion "1"]
[SourceVersionDate "2023.10.10"]
[SourceQuality "1"]
[WhiteTeam "Belgrade Vodovod"]
[BlackTeam "Zemun"]
[WhiteTeamCountry "SRB"]
[BlackTeamCountry "SRB"]

1. e4 c5 2. Nf3 a6 3. c4 e6 4. Nc3 Nc6 5. d4 cxd4 6. Nxd4 d6 7. g3 Nf6 8. Bg2 Qc7 9. 0-0 Be7 10. Nxc6 bxc6 11. f4 e5 12. fxe5 dxe5 13. h3 Be6 14. b3 Qd7 15. Qxd7+ Nxd7 16. Na4 Nc5 17. Nxc5 Bxc5+ 18. Kh2 0-0-0 19. Bb2 Bd4 20. Bxd4 Rxd4 21. Rad1 Rhd8 22. Rxd4 Rxd4 23. Rf2 Kc7 24. Rc2 Kb6 25. Kg1 Ka5 26. Kf2 Kb4 27. Ke3 a5 28. Bf3 a4 29. bxa4 Rxc4 30. Rb2+ Kxa4 31. Be2 Rc3+ 32. Kd2 Rxg3 33. Rb8 Ra3 34. Bd3 Rxa2+ 35. Bc2+ Ka5 36. h4 h5 37. Rg8 g6 38. Rb8 Ka6 39. Kc3 Ka7 40. Rb1 Ra3+ 41. Kb4 Rh3 0-1

[Event "Belgrade-chT2 Quality"]
[Site "Belgrade"]
[Date "2022.10.15"]
[Round "1.4"]
[White "Poledica, Nenad"]
[Black "Rodic, Filip"]
[Result "0-1"]
[WhiteElo "1972"]
[BlackElo "1732"]
[PlyCount "106"]
[EventDate "2022.10.15"]
[EventType "team-tourn"]
[EventRounds "13"]
[EventCountry "SRB"]
[SourceTitle "EXT 2024"]
[Source "ChessBase"]
[SourceDate "2023.10.10"]
[SourceVersion "1"]
[SourceVersionDate "2023.10.10"]
[SourceQuality "1"]
[WhiteTeam "Batajnica"]
[BlackTeam "Zemun"]
[WhiteTeamCountry "SRB"]
[BlackTeamCountry "SRB"]

1. e4 c5 2. Nf3 a6 3. Nc3 b5 4. d4 cxd4 5. Nxd4 Bb7 6. Bd3 e6 7. 0-0 d6 8. f4 Nf6 9. a3 Be7 10. Be3 Nbd7 11. f5 e5 12. Nb3 0-0 13. Qf3 Nc5 14. Rad1 Qc7 15. g4 Nfd7 16. g5 Rfd8 17. g6 Nf6 18. gxh7+ Kxh7 19. Rf2 Kg8 20. Rg2 d5 21. Bh6 Bf8 22. Qg3 Ncxe4 23. Bxe4 Nxe4 24. Nxe4 dxe4 25. Re1 f6 26. Be3 Rd5 27. h4 Rad8 28. h5 Bc8 29. Qg4 Qd7 30. h6 Qxf5 31. Qxf5 Bxf5 32. hxg7 Bxg7 33. Bh6 R8d7 34. Rf1 Rd1 35. Rxd1 Rxd1+ 36. Kf2 Rd7 37. Nc5 Rc7 38. b4 Kf8 39. Bxg7+ Rxg7 40. Rxg7 Kxg7 41. Nxa6 Bd7 42. Nc5 Bc6 43. Ne6+ Kg6 44. Nc7 f5 45. Ne6 f4 46. Ke2 e3 47. Nc5 Kf5 48. Nd3 Ke4 49. Nc5+ Kd4 50. Ne6+ Kc3 51. Ng5 Bd5 52. Nf3 Bxf3+ 53. Kxf3 Kd2 0-1

[Event "Belgrade-chT Quality"]
[Site "Belgrade"]
[Date "2021.11.13"]
[Round "9.3"]
[White "Jovic, Aleksandar"]
[Black "Rodic, Filip"]
[Result "1-0"]
[WhiteElo "2371"]
[BlackElo "1744"]
[PlyCount "81"]
[EventDate "2021.10.16"]
[EventType "team-tourn"]
[EventRounds "11"]
[EventCountry "SRB"]
[SourceTitle "EXT 2023"]
[Source "ChessBase"]
[SourceDate "2022.10.05"]
[SourceVersion "1"]
[SourceVersionDate "2022.10.05"]
[SourceQuality "1"]
[WhiteTeam "Belgrade Vodovod"]
[BlackTeam "Belgrade Zemun"]
[WhiteTeamCountry "SRB"]
[BlackTeamCountry "SRB"]

1. c4 Nf6 2. g3 e6 3. Bg2 d5 4. Nf3 c5 5. 0-0 Nc6 6. cxd5 exd5 7. d3 Be7 8. Bf4 0-0 9. Ne5 Qb6 10. Nc3 Nxe5 11. Bxe5 d4 12. Bxf6 Qxf6 13. Nd5 Qd6 14. Nxe7+ Qxe7 15. Re1 Rb8 16. Rc1 Be6 17. Qa4 a6 18. a3 Rfc8 19. b4 b5 20. Qa5 cxb4 21. axb4 Bf5 22. Bf3 h5 23. Bxh5 Qg5 24. Rxc8+ Rxc8 25. Bf3 Qd2 26. Rb1 Bh3 27. Qa1 g5 28. Rd1 Qxb4 29. Qxa6 Qc5 30. Qh6 Be6 31. Be4 f5 32. Qxg5+ Kf7 33. Bf3 b4 34. Bh5+ Kf8 35. Qf6+ Kg8 36. Qxe6+ Kg7 37. Qf7+ Kh8 38. Qf6+ Kg8 39. Bf7+ Kh7 40. Qg6+ Kh8 41. Qh6# 1-0

[Event "Belgrade-chT Quality"]
[Site "Belgrade"]
[Date "2021.10.29"]
[Round "5.5"]
[White "Katic, Goran"]
[Black "Rodic, Filip"]
[Result "1-0"]
[WhiteElo "1868"]
[BlackElo "1744"]
[PlyCount "61"]
[EventDate "2021.10.16"]
[EventType "team-tourn"]
[EventRounds "11"]
[EventCountry "SRB"]
[SourceTitle "EXT 2023"]
[Source "ChessBase"]
[SourceDate "2022.10.05"]
[SourceVersion "1"]
[SourceVersionDate "2022.10.05"]
[SourceQuality "1"]
[WhiteTeam "Belgrade Polet"]
[BlackTeam "Belgrade Zemun"]
[WhiteTeamCountry "SRB"]
[BlackTeamCountry "SRB"]

1. e4 c5 2. c3 e6 3. Nf3 a6 4. Be2 d5 5. exd5 exd5 6. d4 Bd6 7. 0-0 Nc6 8. Be3 c4 9. b3 cxb3 10. axb3 Nge7 11. c4 Nb4 12. c5 Bc7 13. Nc3 0-0 14. Nb5 Bf5 15. Nxc7 Qxc7 16. Qd2 Nc2 17. Bf4 Qd8 18. Ra2 Nc6 19. Rxc2 Bxc2 20. Qxc2 Qf6 21. Be5 Nxe5 22. Nxe5 Qf4 23. Rd1 f6 24. g3 Qh6 25. Ng4 Qg6 26. Qxg6 hxg6 27. Bf3 Rab8 28. Bxd5+ Kh7 29. Ne3 b6 30. c6 a5 31. Be6 1-0